Συντακτικόν εν κωμικογραφήμασιν

Saved in:
Bibliographic Details
Main Author: Δάλκος, Χρήστος
Other Authors: Κατσέλης, Νίκος
Format: Book
Language:Greek
Published: Αθήνα : Πλουμπώ, 1993
Subjects:
Tags: Add Tag
No Tags, Be the first to tag this record!

MARC

LEADER 00000cam a2200000 i 4500
001 1/100462
008 950417s1993 gre d
020 |a 960-220-458-3 
035 |l 10011709 
040 |a GR-MY-UA  |b gre  |e aacr 
041 0 |a gre 
082 0 |a 485 
100 1 |a Δάλκος, Χρήστος. 
245 1 0 |a Συντακτικόν εν κωμικογραφήμασιν /  |c Χ. Δάλκος; Ν. Κατσέλης 
260 |a Αθήνα :   |b Πλουμπώ,   |c 1993 
300 |a 52 σ.  |b εικ. 
500 |a 11 κωμικογραφήματα πάνω στα πιο βασικά φαινόμενα του συντακτικού της αρχαίας ελληνικής, συνοδευόμενα από γλωσσάρι και συνοπτική θεωρία 
650 0 0 |a Greek language, Hellenistic (300 B.C.-600 A.D.)  |x Syntax. 
650 0 0 |a Greek language, Hellenistic (300 B.C.-600 A.D.)  |x Comic books, strips, etc. 
700 1 |a Κατσέλης, Νίκος. 
852 |a INST  |b LESVOS  |e 19950417  |h 485 ΣΥΝ  |p 005100001466  |q 005100001466  |t BK  |y 0 
909 |a Λ  |b 035624 
970 |z 2000/05/ΟΙΚΟΝΟΜΟΠΟΥΛΟΥ ΧΡΙΣΤΙΝΑ